000 00995cam a2200241 4500
001 ABS68569
008 041222n2004 000 0 eng u
035 _a(Sirsi) u128390
100 _aRobson, B.
245 _aCreating an efficient working environment
260 _c2004
490 _aFacilities Management
_v12(3) December 2004, 18-19(2)
520 _aStresses the importance to business of keeping a well maintained and run building. Points out that 38% of buildings are inefficient and that the facilities manager has a substantial job to make sure that everything is run cost effectively. A good workspace environment can be conducive to productivity levels with an increase of 4% through improvements in the workspace.
590 _aABS
590 _aABS
650 _aWORKING ENVIRONMENT
650 _aFACILITIES MANAGERS
650 _aENERGY-EFFICIENCY
650 _aCOST-EFFECTIVENESS
650 _aPRODUCTIVITY
690 _aPROPERTY MANAGEMENT
_96262
942 _n0
999 _c118469
_d118469